MARC details
| 000 -CABECERA |
| campo de control de longitud fija |
01403nam a2200289 a 4500 |
| 003 - IDENTIFICADOR DEL NÚMERO DE CONTROL |
| campo de control |
DO-SdBNP |
| 005 - FECHA Y HORA DE LA ÚLTIMA TRANSACCIÓN |
| campo de control |
20250527113226.0 |
| 007 - CAMPO FIJO DE DESCRIPCIÓN FÍSICA--INFORMACIÓN GENERAL |
| campo de control de longitud fija |
ta |
| 008 - DATOS DE LONGITUD FIJA--INFORMACIÓN GENERAL |
| campo de control de longitud fija |
220210e1963 mx ||||fr|||| 001 0 spa d |
| 040 ## - FUENTE DE LA CATALOGACIÓN |
| Centro catalogador/agencia de origen |
DO-SdBNP |
| Lengua de catalogación |
spa |
| Centro/agencia transcriptor |
BNPHU |
| 082 #4 - NÚMERO DE LA CLASIFICACIÓN DECIMAL DEWEY |
| Número de edición |
22 |
| Número de documento/Ítem |
G633c 1963 |
| 245 13 - MENCIÓN DE TÍTULO |
| Título |
El control interno en los negocios / |
| Mención de responsabilidad, etc. |
Gómez Morfín, Joaquín |
| 250 ## - MENCIÓN DE EDICIÓN |
| Mención de edición |
4ta. ed |
| 260 ## - PUBLICACIÓN, DISTRIBUCIÓN, ETC. |
| Lugar de publicación, distribución, etc. |
México, D. F. : |
| Nombre del editor, distribuidor, etc. |
Fondo de Cultura Económica, |
| Fecha de publicación, distribución, etc. |
1963 |
| 300 ## - DESCRIPCIÓN FÍSICA |
| Extensión |
180 p. ; |
| Dimensiones |
24 cm. |
| 500 ## - NOTA GENERAL |
| Nota general |
Incluye apéndice, p. 159- 180 |
| 505 ## - NOTA DE CONTENIDO CON FORMATO |
| Nota de contenido con formato |
Primera parte. |
| 505 ## - NOTA DE CONTENIDO CON FORMATO |
| Nota de contenido con formato |
Introducción. |
| Título |
I. Concepto del control interno.-- |
| -- |
II. Bases del control interno.-- |
| -- |
III. Elementos constitutivos del control interno. / La contabilidad.-- |
| -- |
IV. Elementos constitutivos del control interno. / Los presupuestos.-- |
| -- |
IV. Elementos constitutivos del control interno. / El personal.-- |
| -- |
VI. Necesidad de la vigilancia del control interno. |
| 505 ## - NOTA DE CONTENIDO CON FORMATO |
| Nota de contenido con formato |
Segunda parte. |
| 505 ## - NOTA DE CONTENIDO CON FORMATO |
| Nota de contenido con formato |
Aplicación del control interno a las transacione en los negocios. |
| Título |
VII. Caja en general.-- |
| -- |
VIII. Entradas a Caja.-- |
| -- |
IX. Salidas a caja.-- |
| -- |
X. Ventas a crédito.-- |
| -- |
XI. Compras.-- |
| -- |
XII. Inventarios de mercancías.-- |
| -- |
Apéndices. |
| 590 ## - NOTA LOCAL (RLIN) |
| Nota local |
Inventariado 2022 / MF |
| 650 #0 - PUNTO DE ACCESO ADICIONAL DE MATERIA--TÉRMINO DE MATERIA |
| Término de materia o nombre geográfico como elemento de entrada |
Administración industrial |
| 9 (RLIN) |
5872 |
| 650 #0 - PUNTO DE ACCESO ADICIONAL DE MATERIA--TÉRMINO DE MATERIA |
| 9 (RLIN) |
27564 |
| Término de materia o nombre geográfico como elemento de entrada |
Gestión de Negocios. |
| 650 #0 - PUNTO DE ACCESO ADICIONAL DE MATERIA--TÉRMINO DE MATERIA |
| 9 (RLIN) |
65499 |
| Término de materia o nombre geográfico como elemento de entrada |
Empresas |
| Subdivisión general |
Contabilidad |
| Subdivisión cronológica |
1963 |
| 910 ## - DATOS DE OPCIÓN DEL USUARIO (OCLC) |
| Datos de opción del usuario |
MF |
| 942 ## - ELEMENTOS DE PUNTO DE ACCESO ADICIONAL (KOHA) |
| Fuente del sistema de clasificación o colocación |
Dewey Decimal Classification |
| Tipo de ítem Koha |
Libro |